Planning and organizing standards-based differentiated instruction

Na minha lista:
Detalhes bibliográficos
Autor principal: CHAPMAN, Carolyn King, Rita
Formato: Livro
Idioma:inglês
Publicado em: Corwin Press 2014
Tags: Adicionar Tag
Sem tags, seja o primeiro a adicionar uma tag!

MARC

LEADER 00000nam a22000007a 4500
008 210120b ||||| |||| 00| 0 eng d
020 |a 978-1-4522-9959-4 
100 |a CHAPMAN, Carolyn  |a King, Rita 
245 |a Planning and organizing standards-based differentiated instruction  |c Carolyn Chapman  |g . xi, 281p.: ill 
250 |b 2ND 
260 |b Corwin Press  |c 2014  |h Thousand Oaks, California  |i 692354  |i 692355   |l LB1031 .C36  |m Individualized instruction  |m Cognitive styles in children  |m Mixed ability grouping in education 
500 |a “It includes bibliographical references and index'' 
942 |a lcc  |c BK  |e O.A.JOHNSON  |f 20/01/21 
952 |0 0  |1 0  |2 lcc  |4 0  |6 LB1031 C36  |7 0  |9 1262  |a ED  |b HOL  |c LP  |d 2021-01-20  |l 0  |o LB1031 .C36  |p 2021-0076  |r 2021-01-20 00:00:00  |w 2021-01-20  |y BK 
952 |0 0  |1 0  |2 lcc  |4 0  |6 LB1031 C36  |7 0  |9 1263  |a HOL  |b HOL  |c LP  |d 2021-01-20  |l 0  |o LB1031 .C36  |p 2021-0077  |r 2021-01-20 00:00:00  |w 2021-01-20  |y BK 
999 |c 654  |d 654